000 01007cam a22002653a 4500
001 17488
003 PGUSA
005 20140828083355.0
008 060110s2006||||xxu|||||s|||||000 | eng d
040 _aPGUSA
_beng
042 _adc
050 4 _aE011
100 1 _aMindeleff, Cosmos,
_d1863-
245 1 4 _aThe Repair Of Casa Grande Ruin, Arizona, in 1891 :
_bFifteenth Annual Report of the Bureau of Ethnology to the Secretary of the Smithsonian Institution, 1893-94, Government Printing Office, Washington, 1897, pages 315-348
_h[electronic resource] /
_cCosmos Mindeleff
260 _bProject Gutenberg,
_c2006
506 _aPublic domain in the USA.
516 _aElectronic text
653 _aIndians of North America -- Arizona
653 _aArizona -- Antiquities
653 _aHohokam architecture -- Conservation and restoration
653 _aCasa Grande National Monument (Ariz.)
830 0 _aProject Gutenberg
_v17488
856 4 0 _uhttp://www.gutenberg.org/ebooks/17488
942 _cEB
999 _c246743
_d246743